[Event "Bundesliga 9798"]
[Site "Deutschland"]
[Date "1997.??.??"]
[Round "?.8"]
[White "Voekler, Bernd"]
[Black "Michalczak, Thomas"]
[Result "1-0"]
[WhiteElo "2395"]
[BlackElo "2275"]
[PlyCount "91"]
[EventDate "1997.10.??"]
[EventType "team"]
[EventRounds "15"]
[EventCountry "GER"]
[SourceTitle "Bundesliga 9798"]
[Source "DeepChess"]
[SourceDate "2005.01.01"]
[SourceVersion "1"]
[SourceVersionDate "2005.01.01"]
[SourceQuality "1"]
[WhiteTeam "SV Erfurt West 90"]
[BlackTeam "SVG Plettenberg"]
[WhiteTeamCountry "GER"]
[BlackTeamCountry "GER"]

1. d4 Nf6 2. Nf3 g6 3. c4 Bg7 4. Nc3 O-O 5. e4 d6 6. Be2 e5 7. O-O Nc6 8. d5
Ne7 9. Ne1 Nd7 10. Nd3 f5 11. Bd2 Nf6 12. exf5 Nxf5 13. f3 c6 14. Nf2 cxd5 15.
cxd5 Qb6 16. Kh1 Ne3 17. Bxe3 Qxe3 18. Nfe4 Nxe4 19. Nxe4 Qb6 20. Qb3 Qxb3 21.
axb3 Rd8 22. g4 Bh6 23. g5 Bf8 24. Rfc1 Be7 25. Rc7 Rd7 26. Rac1 Rxc7 27. Rxc7
Bd8 28. Nf6+ Bxf6 29. gxf6 a6 30. Kg2 b5 31. Bd3 Rb8 32. Kg3 Bf5 33. Rg7+ Kh8
34. Bxf5 gxf5 35. Rd7 Kg8 36. Rxd6 Kf7 37. Re6 e4 38. fxe4 fxe4 39. Kf4 Rg8 40.
Kf5 Rg2 41. Re7+ Kg8 42. Ke6 h6 43. d6 e3 44. d7 Rd2 45. f7+ Kg7 46. Re8 1-0

[Event "Bundesliga 9798"]
[Site "Deutschland"]
[Date "1998.??.??"]
[Round "?.2"]
[White "Roesch, Arnd"]
[Black "Votava, Jan"]
[Result "0-1"]
[WhiteElo "2350"]
[BlackElo "2515"]
[PlyCount "56"]
[EventDate "1997.10.??"]
[EventType "team"]
[EventRounds "15"]
[EventCountry "GER"]
[SourceTitle "Bundesliga 9798"]
[Source "DeepChess"]
[SourceDate "2005.01.01"]
[SourceVersion "1"]
[SourceVersionDate "2005.01.01"]
[SourceQuality "1"]
[WhiteTeam "USG Chemnitz"]
[BlackTeam "SV Erfurt West 90"]
[WhiteTeamCountry "GER"]
[BlackTeamCountry "GER"]

1. d4 Nf6 2. Nf3 g6 3. g3 Bg7 4. Bg2 O-O 5. O-O d6 6. Ne1 Nbd7 7. e4 c6 8. c4
e5 9. d5 cxd5 10. cxd5 b5 11. Nd3 Nb6 12. Na3 Bd7 13. Bd2 a5 14. b4 axb4 15.
Bxb4 Ne8 16. Qb3 f5 17. f3 Nc4 18. Nc2 h5 19. Nb2 h4 20. gxh4 Nxb2 21. Qxb2
Qxh4 22. Rad1 Kh7 23. Rf2 Rh8 24. Bh1 Bf6 25. Rd3 Bd8 26. Bd2 f4 27. Re2 Bb6+
28. Kf1 Qg5 0-1

[Event "Bundesliga 9798"]
[Site "Deutschland"]
[Date "1998.??.??"]
[Round "?.3"]
[White "Casper, Thomas"]
[Black "Kunze, Carlo"]
[Result "1/2-1/2"]
[WhiteElo "2415"]
[BlackElo "2340"]
[PlyCount "22"]
[EventDate "1997.10.??"]
[EventType "team"]
[EventRounds "15"]
[EventCountry "GER"]
[SourceTitle "Bundesliga 9798"]
[Source "DeepChess"]
[SourceDate "2005.01.01"]
[SourceVersion "1"]
[SourceVersionDate "2005.01.01"]
[SourceQuality "1"]
[WhiteTeam "SV Erfurt West 90"]
[BlackTeam "USG Chemnitz"]
[WhiteTeamCountry "GER"]
[BlackTeamCountry "GER"]

1. e4 d6 2. d4 Nf6 3. Nc3 g6 4. Nf3 Bg7 5. Be2 O-O 6. O-O Bg4 7. Nd2 Bxe2 8.
Qxe2 Nfd7 9. Nf3 c5 10. Be3 cxd4 11. Nxd4 Nc6 1/2-1/2

[Event "Bundesliga 9798"]
[Site "Deutschland"]
[Date "1998.??.??"]
[Round "?.4"]
[White "Lorenz, Gerd"]
[Black "Kuczynski, Robert"]
[Result "1-0"]
[WhiteElo "2305"]
[BlackElo "2495"]
[PlyCount "69"]
[EventDate "1997.10.??"]
[EventType "team"]
[EventRounds "15"]
[EventCountry "GER"]
[SourceTitle "Bundesliga 9798"]
[Source "DeepChess"]
[SourceDate "2005.01.01"]
[SourceVersion "1"]
[SourceVersionDate "2005.01.01"]
[SourceQuality "1"]
[WhiteTeam "USG Chemnitz"]
[BlackTeam "SV Erfurt West 90"]
[WhiteTeamCountry "GER"]
[BlackTeamCountry "GER"]

1. d4 d5 2. Nf3 c6 3. e3 Bg4 4. c4 e6 5. Nc3 Nf6 6. Bd3 Nbd7 7. O-O Be7 8. b3
O-O 9. Bb2 Qc7 10. Rc1 Rad8 11. Qe2 Rfe8 12. e4 Qf4 13. Qd2 Nh5 14. g3 Qxd2 15.
Nxd2 dxe4 16. Bxe4 Nhf6 17. f3 Bh5 18. Rcd1 Nxe4 19. Ncxe4 f5 20. Nf2 Bg5 21.
Kg2 e5 22. g4 Bf7 23. gxf5 Bxd2 24. Rxd2 exd4 25. Bxd4 c5 26. Bb2 Nb8 27. Rfd1
Rxd2 28. Rxd2 b6 29. Ne4 Bh5 30. Kg3 Rf8 31. Kf4 Bg6 32. Rd5 Be8 33. Kg4 Bd7
34. Kg3 Kf7 35. Nf2 1-0

[Event "Bundesliga 9798"]
[Site "Deutschland"]
[Date "1998.??.??"]
[Round "?.5"]
[White "Mueller, Matthias"]
[Black "Kyas, Juergen"]
[Result "1/2-1/2"]
[WhiteElo "2400"]
[BlackElo "2265"]
[PlyCount "56"]
[EventDate "1997.10.??"]
[EventType "team"]
[EventRounds "15"]
[EventCountry "GER"]
[SourceTitle "Bundesliga 9798"]
[Source "DeepChess"]
[SourceDate "2005.01.01"]
[SourceVersion "1"]
[SourceVersionDate "2005.01.01"]
[SourceQuality "1"]
[WhiteTeam "SV Erfurt West 90"]
[BlackTeam "USG Chemnitz"]
[WhiteTeamCountry "GER"]
[BlackTeamCountry "GER"]

1. e4 d5 2. exd5 Qxd5 3. Nc3 Qa5 4. d4 Nf6 5. Nf3 c6 6. Bd2 Bf5 7. Bc4 e6 8.
Qe2 Bb4 9. a3 Nbd7 10. O-O-O Bxc3 11. Bxc3 Qc7 12. Ne5 b5 13. Bd3 Bxd3 14. Rxd3
Nd5 15. Rg3 g6 16. h4 Nxe5 17. dxe5 O-O-O 18. Bd2 Kb7 19. h5 Ka8 20. Rgh3 Rhf8
21. hxg6 hxg6 22. Rh7 Rd7 23. Rg7 Rb8 24. Qe4 Rb7 25. Rh8+ Rb8 26. Rhh7 Rb7 27.
b3 Qb6 28. Be1 a6 1/2-1/2

[Event "Bundesliga 9798"]
[Site "Deutschland"]
[Date "1998.??.??"]
[Round "?.7"]
[White "Fuhrmann, Daniel"]
[Black "Helbig, Uwe"]
[Result "1-0"]
[WhiteElo "2295"]
[BlackElo "2240"]
[PlyCount "117"]
[EventDate "1997.10.??"]
[EventType "team"]
[EventRounds "15"]
[EventCountry "GER"]
[SourceTitle "Bundesliga 9798"]
[Source "DeepChess"]
[SourceDate "2005.01.01"]
[SourceVersion "1"]
[SourceVersionDate "2005.01.01"]
[SourceQuality "1"]
[WhiteTeam "SV Erfurt West 90"]
[BlackTeam "USG Chemnitz"]
[WhiteTeamCountry "GER"]
[BlackTeamCountry "GER"]

1. d4 d6 2. c4 e5 3. Nf3 e4 4. Ng5 f5 5. Nc3 c6 6. g3 Be7 7. Nh3 Nf6 8. Bg2 Be6
9. d5 Bf7 10. O-O Nbd7 11. b3 Ng4 12. Qd2 O-O 13. f3 exf3 14. exf3 Nge5 15. Bb2
c5 16. Rae1 Bf6 17. Nf4 Re8 18. Ne6 Qa5 19. f4 Ng4 20. h3 Nh6 21. Bf3 Nf8 22.
Re2 Nxe6 23. dxe6 Bd4+ 24. Kg2 Rxe6 25. Rxe6 Bxe6 26. Bxb7 Re8 27. Rd1 Qc7 28.
Bf3 Qd7 29. Nb5 Bxb2 30. Qxb2 Nf7 31. Qa3 Re7 32. Qa6 Qd8 33. Nxa7 Bd7 34. Nc6
Bxc6 35. Qxc6 Qe8 36. Qxe8+ Rxe8 37. Kf2 Kf8 38. Bd5 Rd8 39. Ke3 Nh8 40. Kd3
Ng6 41. Bf3 Ke7 42. a3 Rd7 43. Kc3 Ra7 44. Kb2 Nf8 45. Re1+ Kd7 46. Bd5 h6 47.
b4 cxb4 48. axb4 Kd8 49. Kb3 Nh7 50. Re6 Rd7 51. b5 Kc7 52. Bc6 Rf7 53. Be8 Rf8
54. Re7+ Kb6 55. Kb4 Nf6 56. Bc6 Rb8 57. Rxg7 Ne4 58. Bxe4 fxe4 59. Re7 1-0

[Event "Bundesliga 9798"]
[Site "Deutschland"]
[Date "1998.??.??"]
[Round "?.8"]
[White "Ahner, Andreas"]
[Black "Voekler, Bernd"]
[Result "1/2-1/2"]
[WhiteElo "2250"]
[BlackElo "2395"]
[PlyCount "46"]
[EventDate "1997.10.??"]
[EventType "team"]
[EventRounds "15"]
[EventCountry "GER"]
[SourceTitle "Bundesliga 9798"]
[Source "DeepChess"]
[SourceDate "2005.01.01"]
[SourceVersion "1"]
[SourceVersionDate "2005.01.01"]
[SourceQuality "1"]
[WhiteTeam "USG Chemnitz"]
[BlackTeam "SV Erfurt West 90"]
[WhiteTeamCountry "GER"]
[BlackTeamCountry "GER"]

1. d4 Nf6 2. c4 g6 3. Nc3 Bg7 4. e4 d6 5. f3 O-O 6. Bg5 c5 7. d5 Na6 8. Qd2 h5
9. Nge2 Nc7 10. Rd1 a6 11. Nc1 Bd7 12. Bd3 b5 13. b3 Rb8 14. O-O Nh7 15. Bh6 e5
16. Bxg7 Kxg7 17. f4 f6 18. f5 g5 19. Be2 h4 20. Nd3 bxc4 21. bxc4 Na8 22. Nb1
Qc7 23. Nc3 Rb7 1/2-1/2

[Event "Bundesliga 9798"]
[Site "Deutschland"]
[Date "1997.??.??"]
[Round "?.1"]
[White "Womacka, Mathias"]
[Black "Kupreichik, Viktor D"]
[Result "0-1"]
[WhiteElo "2475"]
[BlackElo "2500"]
[PlyCount "90"]
[EventDate "1997.10.??"]
[EventType "team"]
[EventRounds "15"]
[EventCountry "GER"]
[SourceTitle "Bundesliga 9798"]
[Source "DeepChess"]
[SourceDate "2005.01.01"]
[SourceVersion "1"]
[SourceVersionDate "2005.01.01"]
[SourceQuality "1"]
[WhiteTeam "USG Chemnitz"]
[BlackTeam "SVG Plettenberg"]
[WhiteTeamCountry "GER"]
[BlackTeamCountry "GER"]

1. e4 c5 2. Nf3 d6 3. d4 cxd4 4. Nxd4 Nf6 5. Nc3 Nc6 6. Be2 g6 7. Nb3 Bg7 8.
O-O O-O 9. Re1 a6 10. Bf1 b5 11. Nd5 Nd7 12. c3 e6 13. Ne3 Nb6 14. Nd4 Bb7 15.
Nxc6 Bxc6 16. Nc2 Na4 17. Rb1 Qc7 18. Bf4 Rfd8 19. Qe2 e5 20. Bg3 a5 21. f3 f5
22. exf5 gxf5 23. f4 Qf7 24. Ne3 Nc5 25. Rbd1 Rd7 26. c4 Rb8 27. cxb5 Bxb5 28.
Qxb5 Rxb5 29. Bxb5 e4 30. Bc4 Ne6 31. Rd5 Kh8 32. Rxf5 Qg6 33. Rxa5 Nc7 34. Rd1
Bxb2 35. Nd5 Qh5 36. Bb3 e3 37. Be1 e2 38. Rb1 Bd4+ 39. Kh1 Qf5 40. Rc1 Nxd5
41. Bxd5 Qxf4 42. Rc8+ Kg7 43. Rg8+ Kh6 44. Bf3 Be5 45. Kg1 Qd4+ 0-1

[Event "Bundesliga 9798"]
[Site "Deutschland"]
[Date "1997.??.??"]
[Round "?.2"]
[White "Dydyshko, Viacheslav"]
[Black "Roesch, Arnd"]
[Result "1/2-1/2"]
[WhiteElo "2490"]
[BlackElo "2350"]
[PlyCount "90"]
[EventDate "1997.10.??"]
[EventType "team"]
[EventRounds "15"]
[EventCountry "GER"]
[SourceTitle "Bundesliga 9798"]
[Source "DeepChess"]
[SourceDate "2005.01.01"]
[SourceVersion "1"]
[SourceVersionDate "2005.01.01"]
[SourceQuality "1"]
[WhiteTeam "SVG Plettenberg"]
[BlackTeam "USG Chemnitz"]
[WhiteTeamCountry "GER"]
[BlackTeamCountry "GER"]

1. d4 d6 2. Nf3 Bg4 3. c4 Nd7 4. e4 e5 5. Be2 Be7 6. Nc3 Ngf6 7. O-O O-O 8. Be3
c6 9. Qc2 Re8 10. Rfd1 Qc7 11. Rac1 exd4 12. Nxd4 Bxe2 13. Qxe2 Bf8 14. f3 Rad8
15. Qf2 g6 16. Rc2 Nh5 17. b3 Ng7 18. Bg5 Rc8 19. Bf4 Nh5 20. Be3 Ng7 21. Bh6
Qa5 22. Nde2 Re6 23. Bf4 Rf6 24. Bd2 Qa3 25. Na4 Nc5 26. Nec3 Nxa4 27. Nxa4 Ra8
28. Qe1 a5 29. Bxa5 d5 30. c5 Rxa5 31. Qxa5 dxe4 32. fxe4 Ne6 33. Qc3 Rf4 34.
Re1 Bg7 35. e5 Bf8 36. h3 Nd4 37. Rf2 Rxf2 38. Kxf2 Qxa2+ 39. Qb2 Qxb2+ 40.
Nxb2 Bxc5 41. Nd3 Nxb3+ 42. Kg3 Bd4 43. Rb1 Na5 44. Kf4 b5 45. Nb4 Bc3 1/2-1/2

[Event "Bundesliga 9798"]
[Site "Deutschland"]
[Date "1997.??.??"]
[Round "?.3"]
[White "Kunze, Carlo"]
[Black "Danner, Georg"]
[Result "1/2-1/2"]
[WhiteElo "2340"]
[BlackElo "2415"]
[PlyCount "37"]
[EventDate "1997.10.??"]
[EventType "team"]
[EventRounds "15"]
[EventCountry "GER"]
[SourceTitle "Bundesliga 9798"]
[Source "DeepChess"]
[SourceDate "2005.01.01"]
[SourceVersion "1"]
[SourceVersionDate "2005.01.01"]
[SourceQuality "1"]
[WhiteTeam "USG Chemnitz"]
[BlackTeam "SVG Plettenberg"]
[WhiteTeamCountry "GER"]
[BlackTeamCountry "GER"]

1. d4 f5 2. g3 g6 3. Bg2 Bg7 4. c3 Nc6 5. Nd2 Nf6 6. Qb3 d5 7. Nh3 e5 8. dxe5
Nxe5 9. O-O c6 10. Nf4 O-O 11. c4 dxc4 12. Nxc4 Nxc4 13. Qxc4+ Rf7 14. Be3 Qe8
15. Rfd1 g5 16. Nd3 h6 17. Nc5 Nd7 18. Qe6 Qe7 19. Rac1 1/2-1/2

[Event "Bundesliga 9798"]
[Site "Deutschland"]
[Date "1997.??.??"]
[Round "?.5"]
[White "Kyas, Juergen"]
[Black "Luecke, Norbert"]
[Result "1/2-1/2"]
[WhiteElo "2265"]
[BlackElo "2375"]
[PlyCount "33"]
[EventDate "1997.10.??"]
[EventType "team"]
[EventRounds "15"]
[EventCountry "GER"]
[SourceTitle "Bundesliga 9798"]
[Source "DeepChess"]
[SourceDate "2005.01.01"]
[SourceVersion "1"]
[SourceVersionDate "2005.01.01"]
[SourceQuality "1"]
[WhiteTeam "USG Chemnitz"]
[BlackTeam "SVG Plettenberg"]
[WhiteTeamCountry "GER"]
[BlackTeamCountry "GER"]

1. e4 e6 2. d4 d5 3. Nd2 dxe4 4. Nxe4 Nd7 5. Nf3 Be7 6. Bd3 Ngf6 7. Qe2 c5 8.
Nxc5 Bxc5 9. dxc5 Nxc5 10. Bb5+ Bd7 11. O-O O-O 12. Bxd7 Qxd7 13. Be3 Rac8 14.
Rfd1 Qc7 15. c3 Nd5 16. Bd4 Rfe8 17. Be5 1/2-1/2

[Event "Bundesliga 9798"]
[Site "Deutschland"]
[Date "1997.??.??"]
[Round "?.6"]
[White "Schroll, Gerhard"]
[Black "Mirschinka, Dirk"]
[Result "1-0"]
[WhiteElo "2405"]
[BlackElo "2260"]
[PlyCount "81"]
[EventDate "1997.10.??"]
[EventType "team"]
[EventRounds "15"]
[EventCountry "GER"]
[SourceTitle "Bundesliga 9798"]
[Source "DeepChess"]
[SourceDate "2005.01.01"]
[SourceVersion "1"]
[SourceVersionDate "2005.01.01"]
[SourceQuality "1"]
[WhiteTeam "SVG Plettenberg"]
[BlackTeam "USG Chemnitz"]
[WhiteTeamCountry "GER"]
[BlackTeamCountry "GER"]

1. e4 d6 2. d4 Nf6 3. Bd3 e5 4. c3 c6 5. Nf3 Qc7 6. h3 Be7 7. O-O O-O 8. Re1
Re8 9. Nbd2 Bf8 10. Nf1 Nbd7 11. a4 d5 12. dxe5 Nxe5 13. Bf4 Bd6 14. Bxe5 Bxe5
15. exd5 Nxd5 16. Bc4 Nf6 17. Nxe5 Rxe5 18. Qd4 Rxe1 19. Rxe1 b6 20. Ng3 Kf8
21. Rd1 Bb7 22. Nf5 Re8 23. Qd6+ Qxd6 24. Nxd6 Rd8 25. Rd4 Rd7 26. Nxf7 b5 27.
Rxd7 Nxd7 28. axb5 Nb6 29. bxc6 Bxc6 30. Ne5 Bb7 31. Bb3 Ke7 32. f4 Kf6 33. Kf2
a6 34. Nd3 Nd7 35. g4 Be4 36. Ke3 Bxd3 37. Kxd3 h5 38. Kd4 hxg4 39. hxg4 g5 40.
fxg5+ Kxg5 41. Be6 1-0

[Event "Bundesliga 9798"]
[Site "Deutschland"]
[Date "1997.??.??"]
[Round "?.8"]
[White "Luethgens, Eike"]
[Black "Ahner, Andreas"]
[Result "1-0"]
[WhiteElo "2305"]
[BlackElo "2250"]
[PlyCount "53"]
[EventDate "1997.10.??"]
[EventType "team"]
[EventRounds "15"]
[EventCountry "GER"]
[SourceTitle "Bundesliga 9798"]
[Source "DeepChess"]
[SourceDate "2005.01.01"]
[SourceVersion "1"]
[SourceVersionDate "2005.01.01"]
[SourceQuality "1"]
[WhiteTeam "SVG Plettenberg"]
[BlackTeam "USG Chemnitz"]
[WhiteTeamCountry "GER"]
[BlackTeamCountry "GER"]

1. e4 e6 2. d4 d5 3. Nc3 Bb4 4. e5 Ne7 5. a3 Bxc3+ 6. bxc3 c5 7. Qg4 Qc7 8.
Qxg7 Rg8 9. Qxh7 cxd4 10. Ne2 Nbc6 11. f4 Bd7 12. Rb1 dxc3 13. Qd3 O-O-O 14.
Qxc3 Nf5 15. Rg1 d4 16. Qd3 Na5 17. Rb4 Nc6 18. Rc4 Qa5+ 19. Bd2 Qd5 20. g4 Nh4
21. Nxd4 Kb8 22. Kf2 Rh8 23. Be2 Na5 24. Bxa5 Qxa5 25. Rb1 Ng6 26. Bf3 b6 27.
Nb3 1-0

[Event "Bundesliga 9899"]
[Site "Deutschland"]
[Date "1998.10.17"]
[Round "1.1"]
[White "Rogers, Ian"]
[Black "Slobodjan, Roman"]
[Result "1/2-1/2"]
[WhiteElo "2570"]
[BlackElo "2530"]
[PlyCount "59"]
[EventDate "1998.10.17"]
[EventType "team"]
[EventRounds "15"]
[EventCountry "GER"]
[SourceTitle "Bundesliga 9899"]
[Source "DeepChess"]
[SourceDate "2005.01.01"]
[SourceVersion "1"]
[SourceVersionDate "2005.01.01"]
[SourceQuality "1"]
[WhiteTeam "Delmenhorster SK 1931"]
[BlackTeam "USC Magdeburg"]
[WhiteTeamCountry "GER"]
[BlackTeamCountry "GER"]

1. e4 e5 2. Nf3 Nc6 3. Bb5 a6 4. Bxc6 dxc6 5. O-O f6 6. d4 exd4 7. Nxd4 c5 8.
Nb3 Qxd1 9. Rxd1 Bg4 10. f3 Bd7 11. Bf4 O-O-O 12. Nc3 c4 13. Na5 Bc5+ 14. Kf1
b5 15. Nd5 Ne7 16. Bxc7 Nxd5 17. Rxd5 Kxc7 18. Rxc5+ Kb6 19. b4 cxb3 20. Nxb3
Be6 21. Rc3 a5 22. a4 Rc8 23. Rxc8 Rxc8 24. Nd4 Bc4+ 25. Ke1 b4 26. Kd2 Bf7 27.
h4 Kc5 28. Ke3 Kc4 29. Ne2 Rd8 30. g4 1/2-1/2

[Event "Bundesliga 9899"]
[Site "Deutschland"]
[Date "1998.10.17"]
[Round "1.2"]
[White "Georgiev, Vladimir"]
[Black "Hodgson, Julian M"]
[Result "1/2-1/2"]
[WhiteElo "2565"]
[BlackElo "2575"]
[PlyCount "117"]
[EventDate "1998.10.17"]
[EventType "team"]
[EventRounds "15"]
[EventCountry "GER"]
[SourceTitle "Bundesliga 9899"]
[Source "DeepChess"]
[SourceDate "2005.01.01"]
[SourceVersion "1"]
[SourceVersionDate "2005.01.01"]
[SourceQuality "1"]
[WhiteTeam "USC Magdeburg"]
[BlackTeam "Delmenhorster SK 1931"]
[WhiteTeamCountry "GER"]
[BlackTeamCountry "GER"]

1. d4 d6 2. e4 Nf6 3. Nc3 g6 4. Bg5 Bg7 5. f4 O-O 6. Nf3 d5 7. e5 Ne4 8. Bh4 c5
9. dxc5 Nxc3 10. bxc3 Nc6 11. Nd4 f6 12. exf6 exf6 13. Be2 Qe7 14. Qd2 Qxc5 15.
Nb3 Qd6 16. O-O Be6 17. c4 Rad8 18. f5 Bf7 19. c5 Qe7 20. Rae1 Qe4 21. Bg3 Qa4
22. Bc7 Rc8 23. Bd6 Rfe8 24. Bf3 d4 25. Rxe8+ Rxe8 26. Rd1 Qxa2 27. Nxd4 Nxd4
28. Qxd4 Qxc2 29. Bxb7 Bh6 30. Kh1 Qxf5 31. Bc6 Be3 32. Qd3 Qxd3 33. Rxd3 Rc8
34. Bb7 Rxc5 35. Bxc5 Bxc5 36. Rd8+ Kg7 37. Rd7 Kf8 38. Bd5 Bxd5 39. Rxd5 Be3
40. Rd3 Bb6 41. g4 Kg7 42. Kg2 h5 43. gxh5 gxh5 44. Rg3+ Kf7 45. Kf3 Bc7 46.
Rg2 a5 47. h3 Bd6 48. Ra2 Bb4 49. Re2 f5 50. Re5 Kf6 51. Rd5 Ke6 52. Rd8 h4 53.
Rh8 Be7 54. Ra8 Bb4 55. Ke3 Kd5 56. Kd3 Ke5 57. Ke3 Kd5 58. Rd8+ Kc4 59. Rd4+
1/2-1/2

[Event "Bundesliga 9899"]
[Site "Deutschland"]
[Date "1998.10.17"]
[Round "1.4"]
[White "Proehl, Holger"]
[Black "Gisbrecht, Ewgeni"]
[Result "1/2-1/2"]
[WhiteElo "2395"]
[BlackElo "2415"]
[PlyCount "96"]
[EventDate "1998.10.17"]
[EventType "team"]
[EventRounds "15"]
[EventCountry "GER"]
[SourceTitle "Bundesliga 9899"]
[Source "DeepChess"]
[SourceDate "2005.01.01"]
[SourceVersion "1"]
[SourceVersionDate "2005.01.01"]
[SourceQuality "1"]
[WhiteTeam "USC Magdeburg"]
[BlackTeam "Delmenhorster SK 1931"]
[WhiteTeamCountry "GER"]
[BlackTeamCountry "GER"]

1. e4 c5 2. c3 d5 3. exd5 Qxd5 4. d4 Nf6 5. Nf3 e6 6. Bd3 Be7 7. O-O O-O 8. Be3
b6 9. c4 Qd8 10. dxc5 bxc5 11. Nc3 Bb7 12. Ng5 Nc6 13. Qe2 Nd4 14. Bxd4 Qxd4
15. Nge4 Rfd8 16. Rad1 Qe5 17. Rfe1 Qc7 18. Bb1 g6 19. Rxd8+ Rxd8 20. Rd1 Rxd1+
21. Qxd1 Nxe4 22. Bxe4 Bxe4 23. Nxe4 Qe5 24. Nc3 Bf6 25. g3 Qf5 26. Qe2 Bd4 27.
Kg2 a6 28. Nd1 Kg7 29. b3 h5 30. h4 Qb1 31. Ne3 Qe4+ 32. Qf3 Qb1 33. Qe2 Qe4+
34. Qf3 Qxf3+ 35. Kxf3 Kf6 36. Nc2 Bc3 37. Ke4 Ke7 38. Kd3 Ba5 39. a3 Bb6 40.
Ke3 Kd6 41. Ne1 a5 42. Nd3 Bd8 43. f4 Bf6 44. Kf3 Bd4 45. Ke4 Bc3 46. Kf3 Bd4
47. Ke4 Bc3 48. Kf3 Bd4 1/2-1/2

[Event "Bundesliga 9899"]
[Site "Deutschland"]
[Date "1998.10.17"]
[Round "1.6"]
[White "Machelett, Heiko"]
[Black "Beckemeier, Werner"]
[Result "1/2-1/2"]
[WhiteElo "2355"]
[BlackElo "2380"]
[PlyCount "51"]
[EventDate "1998.10.17"]
[EventType "team"]
[EventRounds "15"]
[EventCountry "GER"]
[SourceTitle "Bundesliga 9899"]
[Source "DeepChess"]
[SourceDate "2005.01.01"]
[SourceVersion "1"]
[SourceVersionDate "2005.01.01"]
[SourceQuality "1"]
[WhiteTeam "USC Magdeburg"]
[BlackTeam "Delmenhorster SK 1931"]
[WhiteTeamCountry "GER"]
[BlackTeamCountry "GER"]

1. d4 Nf6 2. c4 e6 3. Nc3 Bb4 4. f3 d5 5. a3 Be7 6. e4 dxe4 7. fxe4 e5 8. d5 c6
9. Nf3 O-O 10. Bd3 b5 11. O-O bxc4 12. Bxc4 Qc7 13. Kh1 Bb7 14. Qe2 Nbd7 15.
Ba2 cxd5 16. exd5 Nb6 17. Nxe5 Nbxd5 18. Bd2 Rad8 19. Rac1 Qb6 20. Nc4 Qd4 21.
Nxd5 Nxd5 22. Rcd1 Qh4 23. Be1 Qg5 24. Bd2 Qh4 25. Be1 Qg5 26. Bd2 1/2-1/2

[Event "Bundesliga 9899"]
[Site "Deutschland"]
[Date "1998.10.17"]
[Round "1.7"]
[White "Breutigam, Martin"]
[Black "Stolz, Mike"]
[Result "1/2-1/2"]
[WhiteElo "2360"]
[BlackElo "2330"]
[PlyCount "91"]
[EventDate "1998.10.17"]
[EventType "team"]
[EventRounds "15"]
[EventCountry "GER"]
[SourceTitle "Bundesliga 9899"]
[Source "DeepChess"]
[SourceDate "2005.01.01"]
[SourceVersion "1"]
[SourceVersionDate "2005.01.01"]
[SourceQuality "1"]
[WhiteTeam "Delmenhorster SK 1931"]
[BlackTeam "USC Magdeburg"]
[WhiteTeamCountry "GER"]
[BlackTeamCountry "GER"]

1. b3 e5 2. Bb2 d6 3. g3 g6 4. d4 Bg7 5. dxe5 Bxe5 6. Bxe5 dxe5 7. Qxd8+ Kxd8
8. Nf3 f6 9. Nc3 Be6 10. Bg2 Nd7 11. O-O-O Nh6 12. h3 Nf7 13. g4 Ke7 14. h4 c6
15. g5 f5 16. e4 f4 17. Bh3 Nc5 18. Bxe6 Nxe6 19. Na4 h6 20. gxh6 Rxh6 21. Rhg1
b5 22. Nb2 Nc5 23. Nd3 Nxd3+ 24. Rxd3 Rd8 25. Kd2 Rxd3+ 26. Kxd3 Kd6 27. c4 b4
28. a3 a5 29. axb4 axb4 30. Ra1 Rh8 31. Ra5 Ke6 32. c5 Kf6 33. Ra6 Rc8 34. Rb6
g5 35. hxg5+ Nxg5 36. Nxg5 Kxg5 37. Rxb4 Rh8 38. Rb6 Rh3+ 39. Ke2 Rc3 40. Rxc6
Rxb3 41. Re6 f3+ 42. Kd2 Kf4 43. c6 Rb8 44. Kd3 Rb3+ 45. Kc4 Rb2 46. Kc3
1/2-1/2

[Event "Bundesliga 9899"]
[Site "Deutschland"]
[Date "1998.10.17"]
[Round "1.1"]
[White "Schlosser, Philipp"]
[Black "Almasi, Zoltan"]
[Result "1/2-1/2"]
[WhiteElo "2515"]
[BlackElo "2630"]
[PlyCount "52"]
[EventDate "1998.10.17"]
[EventType "team"]
[EventRounds "15"]
[EventCountry "GER"]
[SourceTitle "Bundesliga 9899"]
[Source "DeepChess"]
[SourceDate "2005.01.01"]
[SourceVersion "1"]
[SourceVersionDate "2005.01.01"]
[SourceQuality "1"]
[WhiteTeam "SK Passau 1869"]
[BlackTeam "Dresdner SC 1898"]
[WhiteTeamCountry "GER"]
[BlackTeamCountry "GER"]

1. c4 e5 2. g3 Nc6 3. Bg2 g6 4. Nc3 Bg7 5. e3 d6 6. Nge2 h5 7. d4 h4 8. d5 Nce7
9. e4 f5 10. Bg5 h3 11. Bf1 Nf6 12. exf5 Bxf5 13. f3 Bd7 14. Qd2 Nh7 15. Bh6
Nf5 16. Bxg7 Nxg7 17. O-O-O Qf6 18. f4 O-O 19. Ne4 Qe7 20. Nf2 Ng5 21. Qd3 e4
22. Qe3 Nf5 23. Qb3 Ng7 24. Qe3 Nf5 25. Qb3 Ng7 26. Qe3 Nf5 1/2-1/2

[Event "Bundesliga 9899"]
[Site "Deutschland"]
[Date "1998.10.17"]
[Round "1.2"]
[White "Lanka, Zigurds"]
[Black "Schmidt, Peter"]
[Result "0-1"]
[WhiteElo "2525"]
[BlackElo "2410"]
[PlyCount "98"]
[EventDate "1998.10.17"]
[EventType "team"]
[EventRounds "15"]
[EventCountry "GER"]
[SourceTitle "Bundesliga 9899"]
[Source "DeepChess"]
[SourceDate "2005.01.01"]
[SourceVersion "1"]
[SourceVersionDate "2005.01.01"]
[SourceQuality "1"]
[WhiteTeam "Dresdner SC 1898"]
[BlackTeam "SK Passau 1869"]
[WhiteTeamCountry "GER"]
[BlackTeamCountry "GER"]

1. e4 c6 2. d4 d5 3. exd5 cxd5 4. c4 Nf6 5. Nc3 Nc6 6. Bg5 e6 7. Nf3 Be7 8. c5
Ne4 9. Bxe7 Qxe7 10. Bb5 Nxc3 11. bxc3 Bd7 12. O-O O-O 13. Rb1 b6 14. cxb6 axb6
15. a4 Rfc8 16. Bd3 Na5 17. Qc2 g6 18. Ne5 Be8 19. Bb5 Bxb5 20. axb5 Qc7 21.
Rbc1 Nc4 22. Ng4 Qf4 23. Qe2 h5 24. Ne3 Qe4 25. Rfe1 Nxe3 26. fxe3 Ra3 27. Qd2
Rca8 28. Qc2 Qxc2 29. Rxc2 Rc8 30. Rec1 Rb3 31. Kf2 Rxb5 32. Kf3 Kg7 33. e4 Kf6
34. e5+ Kg7 35. Ke2 Rb3 36. Kd2 b5 37. Rg1 Rc4 38. g4 hxg4 39. Rxg4 b4 40. cxb4
Rcxb4 41. h4 Rh3 42. Rc3 Rb2+ 43. Kc1 Rhh2 44. Rc7 Ra2 45. Kb1 Raf2 46. Rc3 Kh6
47. Rc8 Rh1+ 48. Rc1 Rxc1+ 49. Kxc1 Kh5 0-1